| 000 | 02172nam0a2200349 4500 | ||
|---|---|---|---|
| 001 | RU\NLR\BIBL_A\022000380 | ||
| 005 | 20250625081914.0 | ||
| 010 |
_a978-5-6049766-8-5 _9200 |
||
| 021 |
_aRU _b2023-42189 _9КН-П-4215 |
||
| 035 | _a(RuMoRGB)011899399 | ||
| 035 | _a(NLR Aleph) 022000380 | ||
| 090 |
_a12452947 _c12452947 |
||
| 100 | _a20230809d2023 |||y0rusy50 ca | ||
| 101 | 0 | _arus | |
| 102 | _aRU | ||
| 105 | _aa j 000zy | ||
| 181 | 0 |
_ai _baxxe |
|
| 182 | 0 | _an | |
| 200 | 1 |
_aОсновы проектирования, конструкция и расчет основных характеристик авиационных газотурбинных двигателей _eучебное пособие _eдля студентов высших технических учебных заведений, обучающихся по направлениям подготовки 24.04.05 "Двигатели летательных аппаратов", 25.04.01 "Техническая эксплуатация летательных аппаратов и двигателей" _fМ. В. Силуянов _gМинистерство науки и высшего образования Российской Федерации, Московский авиационный институт (национальный исследовательский университет) |
|
| 203 |
_aТекст _bвизуальный _cнепосредственный |
||
| 210 |
_aМосква _cДоброе слово и Ко _d2023 |
||
| 215 |
_a165 с. _cил., табл. _d21 |
||
| 320 | _aБиблиогр.: с. 164-165 (19 назв.) | ||
| 606 | 1 |
_aАвиационные газотурбинные двигатели _jУчебные издания для высших учебных заведений _xПроектирование _91092213 _3RU\NLR\AUTH\66109502 |
|
| 675 |
_a629.7.036.3(075.8) _v4 |
||
| 686 |
_a39.551.41я73 _2rubbks |
||
| 686 | 1 | _aО551.41-02я73-1 | |
| 700 | 1 |
_aСилуянова _bМ. В. _gМарина Владимировна |
|
| 942 | _cBOOK | ||
| 980 | _aNB | ||